[Event "Calvi Balagne op 07th"]
[Site "Calvi"]
[Date "2010.04.25"]
[Round "1"]
[White "Mekhitarian, Krikor Sevag"]
[Black "Vincenti, Francois Xavier"]
[Result "1-0"]
[WhiteElo "2490"]
[BlackElo "1844"]
[PlyCount "87"]
[EventDate "2010.04.25"]
[EventType "swiss"]
[EventRounds "9"]
[EventCountry "FRA"]
[SourceTitle "CBM 136 Extra"]
[Source "ChessBase"]
[SourceDate "2010.07.02"]
[SourceVersion "2"]
[SourceVersionDate "2010.07.15"]
[SourceQuality "1"]

1. e4 e6 2. d4 d5 3. Nc3 Nf6 4. e5 Nfd7 5. f4 c5 6. Nf3 Nc6 7. Be3 a6 8. Qd2 Qb6 9. Na4 Qa7 10. dxc5 Nxc5 11. Nxc5 Bxc5 12. Bxc5 Qxc5 13. 0-0-0 Bd7 14. h4 Rc8 15. Kb1 Ne7 16. g4 Bb5 17. Bh3 Ba4 18. Rh2 Bd7 19. Nd4 Nc6 20. Nxc6 bxc6 21. f5 Qe7 22. Qf4 Rb8 23. c3 Qc5 24. Ka1 Rb7 25. f6 g6 26. h5 Qf8 27. Bf1 Rg8 28. hxg6 hxg6 29. Qa4 Rh8 30. Qxa6 Rc7 31. Rdd2 Bc8 32. Qb6 Kd7 33. g5 Rxh2 34. Rxh2 Rb7 35. Qe3 c5 36. Rh7 Kc6 37. c4 Qd8 38. Bg2 Qb6 39. Qd2 Rd7 40. cxd5+ exd5 41. Rxf7 c4 42. a3 Qc5 43. Rxd7 Bxd7 44. Qxd5+ 1-0

[Event "Nice op"]
[Site "Nice"]
[Date "2009.08.??"]
[Round "1"]
[White "Vincenti, Francois Xavier"]
[Black "Hallerod, Ralph"]
[Result "1-0"]
[WhiteElo "1833"]
[BlackElo "2116"]
[PlyCount "103"]
[EventDate "2009.08.??"]
[EventType "swiss"]
[EventRounds "9"]
[EventCountry "FRA"]
[SourceTitle "EXT 2010"]
[Source "ChessBase"]
[SourceDate "2010.11.25"]
[SourceVersion "1"]
[SourceVersionDate "2010.11.25"]
[SourceQuality "1"]

1. c4 c6 2. d4 d5 3. e3 Nf6 4. b3 Bf5 5. Bb2 e6 6. Bd3 Ne4 7. Bxe4 Bxe4 8. Nf3 Nd7 9. Nbd2 Bd3 10. Rc1 Qa5 11. a3 Be7 12. b4 Qd8 13. Qb3 Bg6 14. 0-0 0-0 15. Rfe1 f5 16. Nf1 Kh8 17. Ng3 Bd6 18. Ne5 Bxe5 19. dxe5 f4 20. exf4 Rxf4 21. cxd5 cxd5 22. Ne2 Re4 23. Nd4 Rxe1+ 24. Rxe1 Qe7 25. Nb5 Nb6 26. Nd6 Nc8 27. Qc3 Qd7 28. Rc1 Nb6 29. Qc7 Qa4 30. Qxb7 h5 31. Bd4 Rf8 32. Bxb6 axb6 33. Qe7 Rg8 34. Qxe6 Qxa3 35. Rf1 Qd3 36. Nf7+ Bxf7 37. Qxf7 g6 38. e6 Rg7 39. Qf8+ Rg8 40. Qf6+ Kh7 41. e7 Qe2 42. Qf7+ Kh8 43. Qf8 Kh7 44. h3 d4 45. Qf7+ Kh8 46. Qf6+ Kh7 47. Qxd4 Qxe7 48. Qxb6 Qe5 49. Qc5 Qb8 50. Re1 Rc8 51. Re7+ Kh6 52. Qe3+ 1-0

[Event "Calvi Balagne op 06th"]
[Site "Calvi"]
[Date "2009.04.29"]
[Round "2"]
[White "Laurent, Francois"]
[Black "Vincenti, Francois Xavier"]
[Result "1-0"]
[WhiteElo "1977"]
[BlackElo "1697"]
[PlyCount "37"]
[EventDate "2009.04.28"]
[EventType "swiss"]
[EventRounds "9"]
[EventCountry "FRA"]
[SourceTitle "CBM 130 Extra"]
[Source "ChessBase"]
[SourceDate "2009.07.02"]
[SourceVersion "2"]
[SourceVersionDate "2009.07.15"]
[SourceQuality "1"]

1. d4 Nf6 2. c4 c5 3. d5 e6 4. Nc3 exd5 5. cxd5 d6 6. e4 g6 7. Bd3 Bg7 8. Nge2 a6 9. a4 0-0 10. 0-0 Re8 11. Ng3 Nbd7 12. f4 Rb8 13. e5 dxe5 14. f5 Nb6 15. fxg6 hxg6 16. Bg5 Qd6 17. Bxf6 Nxd5 18. Bxg7 Kxg7 19. Bc4 1-0

[Event "Bastia CC Winter op 34th"]
[Site "Bastia"]
[Date "2009.01.24"]
[Round "7"]
[White "Vincenti, Francois Xavier"]
[Black "Mencacci, Floriane"]
[Result "1-0"]
[WhiteElo "1689"]
[BlackElo "1520"]
[PlyCount "41"]
[EventDate "2009.01.18"]
[EventType "swiss"]
[EventRounds "7"]
[EventCountry "FRA"]
[SourceTitle "EXT 2010"]
[Source "ChessBase"]
[SourceDate "2010.11.25"]
[SourceVersion "1"]
[SourceVersionDate "2010.11.25"]
[SourceQuality "1"]

1. Nc3 d5 2. d4 Nc6 3. f3 Nf6 4. Bg5 Bf5 5. Bxf6 exf6 6. e4 dxe4 7. fxe4 Bg6 8. Nf3 Bb4 9. Bd3 Nxd4 10. Nxd4 Qxd4 11. Bb5+ c6 12. Qxd4 cxb5 13. Qxb4 0-0-0 14. Qxb5 Rhe8 15. 0-0 Kb8 16. a4 Re5 17. Qb4 Rc8 18. a5 a6 19. Nd5 Bxe4 20. Qd6+ Ka8 21. Nb6+ 1-0

[Event "Aveugle rap blindfold 3th"]
[Site "Bastia"]
[Date "2008.05.24"]
[Round "2"]
[White "Vincenti, Francois Xavier"]
[Black "Alliot, Kevin"]
[Result "1-0"]
[WhiteElo "1645"]
[BlackElo "1745"]
[PlyCount "37"]
[EventDate "2008.05.24"]
[EventType "swiss (rapid)"]
[EventRounds "5"]
[EventCountry "FRA"]
[SourceTitle "EXT 2009"]
[Source "ChessBase"]
[SourceDate "2008.11.26"]
[SourceVersion "1"]
[SourceVersionDate "2008.11.26"]
[SourceQuality "1"]

1. e4 c5 2. Nc3 e6 3. g3 a6 4. Bg2 b5 5. d3 Be7 6. f4 Bb7 7. Nf3 d5 8. 0-0 Nf6 9. Kh1 0-0 10. e5 Nfd7 11. Ne2 Nc6 12. Nd2 Rc8 13. b3 d4 14. Bb2 f6 15. c4 b4 16. a4 fxe5 17. fxe5 Ndxe5 18. Re1 Re8 19. Nf4 1-0

[Event "Aveugle rap blindfold 3th"]
[Site "Bastia"]
[Date "2008.05.24"]
[Round "4"]
[White "Vincenti, Francois Xavier"]
[Black "Frisoni, Robin"]
[Result "1-0"]
[WhiteElo "1645"]
[BlackElo "1600"]
[PlyCount "31"]
[EventDate "2008.05.24"]
[EventType "swiss (rapid)"]
[EventRounds "5"]
[EventCountry "FRA"]
[SourceTitle "EXT 2009"]
[Source "ChessBase"]
[SourceDate "2008.11.26"]
[SourceVersion "1"]
[SourceVersionDate "2008.11.26"]
[SourceQuality "1"]

1. e4 e5 2. Nc3 Nf6 3. g3 Bc5 4. Bg2 d6 5. d3 Bg4 6. f3 Be6 7. Nge2 0-0 8. b4 Nc6 9. bxc5 dxc5 10. 0-0 Ne7 11. Kh1 Ng6 12. f4 Re8 13. Be3 a6 14. Qd2 Rc8 15. Rae1 c6 16. a4 1-0

[Event "Calvi Balagne op 05th"]
[Site "Calvi"]
[Date "2008.04.08"]
[Round "4"]
[White "Vincenti, Francois Xavier"]
[Black "Leibenguth, Jean"]
[Result "1-0"]
[WhiteElo "1645"]
[BlackElo "1740"]
[PlyCount "59"]
[EventDate "2008.04.06"]
[EventType "swiss"]
[EventRounds "9"]
[EventCountry "FRA"]
[SourceTitle "CBM 123 Extra"]
[Source "ChessBase"]
[SourceDate "2008.05.06"]
[SourceVersion "1"]
[SourceVersionDate "2008.05.06"]
[SourceQuality "1"]

1. e4 e6 2. Nc3 d5 3. exd5 exd5 4. d4 Nf6 5. Nf3 Nc6 6. Bb5 Bd7 7. 0-0 Be7 8. Re1 0-0 9. Bg5 a6 10. Ba4 b5 11. Bb3 Be6 12. Ne5 Na5 13. f4 c5 14. dxc5 Bxc5+ 15. Kh1 Nxb3 16. axb3 h6 17. Bh4 b4 18. Na4 Bd6 19. Qf3 Rc8 20. c3 a5 21. Rad1 Bxe5 22. fxe5 Bg4 23. Qg3 Qd7 24. exf6 g5 25. Rd4 Rfe8 26. Ra1 Re4 27. Rxe4 dxe4 28. Nb6 gxh4 29. Qxh4 Qd2 30. Qxg4+ 1-0

[Event "FRA-ch U10"]
[Site "Le Grand Bornand"]
[Date "2007.04.??"]
[Round "9"]
[White "Gueriche, Guillaume"]
[Black "Vincenti, Francois Xavier"]
[Result "0-1"]
[WhiteElo "1750"]
[BlackElo "1310"]
[PlyCount "134"]
[EventDate "2007.04.07"]
[EventType "swiss"]
[EventRounds "9"]
[EventCountry "FRA"]
[SourceTitle "CBM 118 Extra"]
[Source "ChessBase"]
[SourceDate "2007.07.04"]
[SourceVersion "1"]
[SourceVersionDate "2007.07.04"]
[SourceQuality "1"]

1. d4 d5 2. c4 c6 3. Nc3 Nf6 4. Bf4 e6 5. Nf3 Bb4 6. Nd2 Nbd7 7. Qc2 0-0 8. a3 Ba5 9. b4 Bc7 10. Bxc7 Qxc7 11. e3 Re8 12. f4 Nf8 13. Bd3 Ng6 14. 0-0 Ng4 15. Rf3 f5 16. Rc1 Nh8 17. cxd5 cxd5 18. h3 Nf6 19. Qb2 Qf7 20. Nb5 Rd8 21. Rc7 Rd7 22. Nd6 Qf8 23. Rxd7 Nxd7 24. Nb5 Nf6 25. Rf1 Bd7 26. Nc3 a6 27. Nf3 Nf7 28. Ne5 Nxe5 29. fxe5 Ne8 30. g4 g6 31. Qb3 Kh8 32. Ne2 Ng7 33. Ng3 Bc6 34. Ne2 Qe7 35. gxf5 Nxf5 36. Bxf5 exf5 37. Kh2 Bb5 38. Rf2 Bc4 39. Qb2 b5 40. Nf4 a5 41. Qc3 axb4 42. axb4 Ra4 43. Rb2 Qa7 44. e6 Kg7 45. Rg2 Qc7 46. Kh1 Qd6 47. Rb2 Kf6 48. h4 h6 49. Rg2 g5 50. hxg5+ hxg5 51. Nh5+ Kxe6 52. Rxg5 Qxb4 53. Nf4+ Kf6 54. Rg6+ Kf7 55. Qxb4 Rxb4 56. Rd6 Rb1+ 57. Kg2 Ke7 58. Rb6 b4 59. Ng6+ Kd8 60. Ne5 b3 61. Nf3 Kc7 62. Rb4 Rc1 63. Kg3 Rc2 64. Kf4 b2 65. Nh4 Bd3 66. Ke5 Rh2 67. Nf3 Re2 0-1